| 000 | 00432cam a2200181ua 4500 | ||
|---|---|---|---|
| 020 | _c18.00 | ||
| 041 |
_aeng _h |
||
| 082 |
_a629.2223 _bMIL/MO |
||
| 100 | _aMilburn, H E . | ||
| 245 |
_aMotor cars today / _cH E Milburn. _hTextual Documents |
||
| 250 |
_a1 / _b. |
||
| 260 |
_aLondon : _bOxford University Press , _c1956. |
||
| 300 | _a295 ; . | ||
| 365 | _a18.00 | ||
| 504 | _a | ||
| 942 | _cBK | ||
| 999 |
_c7134 _d7134 |
||